Odporúčanie obsahu z archívu otázok zodpovedaných v komunitách

Guardado en:
Detalles Bibliográficos
Autor principal: Lovasová, Viktória (Autor)
Otros Autores: Srba, Ivan (Orientador)
Formato: Manuscrito Libro
Lenguaje:eslovaco
Publicado: 2016
Materias:
Acceso en línea:http://is.stuba.sk/zp/portal_zp.pl?podrobnosti=119275
Etiquetas: Agregar Etiqueta
Sin Etiquetas, Sea el primero en etiquetar este registro!

MARC

LEADER 00000ntm a22000003a 4500
001 stuzp58999
003 SK-STU
005 20160719155730.7
007 ta
008 150427s2015----xo-----f-mn---000-0-slo-d
040 |a STU  |b slo 
041 0 |a slo 
100 1 |a Lovasová, Viktória  |u 070200  |k Z4  |4 aut  |U FIIT Fakulta informatiky a informačných technológií  |T FIIT Ústav informatiky, informačných systémov a softvérového inžinierstva  |X 9129  |U I200  |Y 179  |7 A000009129 
242 0 1 |a Content recommendation from archives of questions answered in communities  |y eng 
245 1 0 |a Odporúčanie obsahu z archívu otázok zodpovedaných v komunitách 
260 |c 2016 
650 4 |a CQA systémy  |2 slo 
650 4 |a Odporúčaanie  |2 slo 
650 4 |a Strojové učenie  |2 slo 
650 4 |a CQA systems  |2 eng 
650 4 |a Recommendation  |2 eng 
650 4 |a Machine learning  |2 eng 
700 1 |a Srba, Ivan  |u 070200  |k Z3  |4 ths  |U FIIT Fakulta informatiky a informačných technológií  |T FIIT Ústav informatiky, informačných systémov a softvérového inžinierstva  |X 47914  |U I200  |Y 179  |7 47914 
856 4 |u http://is.stuba.sk/zp/portal_zp.pl?podrobnosti=119275 
996 |b 8184  |c I* DIP 8/2016  |l II680  |s P  |a 0  |w stuzp58999_0001 
SQL |a stuzp58999  |b DDP  |c SLO  |d Odporúčanie obsahu z archívu otázok zodpovedaných v komunitách  |e 9129  |f Lovasová, Viktória  |g 070200  |h 47914  |i Srba, Ivan  |j 20160614  |k 205  |l 07  |m http://is.stuba.sk/zp/portal_zp.pl?podrobnosti=119275  |n I-IS2  |o 9.2.6. informačné systémy